000 01118nam a22003137a 4500
001 1677
005 20230914114157.0
020 _a0920269591
020 _a0929269591
020 _a0920269605 (leatherbound)
020 _a0920269613 (school ed.)
040 _aDNLM/DLC
_cDLC
_dDLC
_beng
050 0 0 _aQP187
_b.E55 1985
082 0 0 _a612/.4
_219
100 _aClark. John
245 0 4 _aThe Endocrine system :
_bmiraculous messengers.
260 _aNew York :
_bTorstar Books,
_c1985
300 _a158 pages :
_bcolor illustrations ;
_c28 cm
490 1 _aThe Human body
500 _aIncludes index.
520 _aDescribes past beliefs about hormones and modern scientific facts about their effect upon our bodies, illnesses associated with them, and future treatments of hormone deficiencies.
650 0 _aEndocrine glands.
650 0 _aEndocrinology
_xPopular works.
650 0 _aHormones
_xPhysiological effect.
650 2 _aEndocrine Glands
_xphysiology
_xpopular works.
650 2 _aHormone
_xphysiology
_xpopular works.
906 _a7
_bcbc
_corignew
_d1
_eocip
_f19
_gy-gencatlg
942 _2ddc
_cBK
_n0
999 _c1677
_d1677